Seinfeld A-Z - Statistics

General Stats
  • This quiz has been taken 352 times
  • The average score is 19 of 26
Answer Stats
Letter Clue Answer % Correct
D George is called out at a party for doing this with his chip Double dipping
95%
A Kramer mistakenly receives a license plate that says this Assman
94%
F Holiday that's for the rest of us Festivus
94%
N Jerry's archenemy Newman
93%
P These snacks will make you thirsty Pretzels
93%
L Jerry's loud uncle Leo
92%
W Animal that George saves in "The Marine Biologist" Whale
91%
S Frank Costanza's relaxation mantra: ________ Now! Serenity
88%
I Elaine helps George cheat on this kind of test IQ
87%
O In one episode, George turns his life around by doing the ________ Opposite
85%
Y Repetitive phrase used to cover up details in a story Yada Yada Yada
85%
V Last name of George's ficticious architect persona Vandelay
82%
T George's desired nickname T-bone
80%
E George's mother Estelle
79%
M A support undergarment for men Mansierre
78%
H The _____ Fund: Money for people Human
75%
C The kind of animal that Little Jerry is Chicken
74%
J It's chocolate, it's peppermint, it's delicious! Junior Mint
74%
U The _____ Sombrero: It combines the spirit of old Mexico with a little big city panache Urban
68%
G A Kramer catchphrase Giddyup
67%
R A young girl's strange, erotic journey from Milan to Minsk Rochelle Rochelle
65%
B George's ATM code Bosco
64%
K The lure of the animal Kavorka
44%
X The only show Morty Seinfeld will watch on tv: "She must be about 6'6" " Xena: The Warrior Princess
39%
Q Made up scrabble word: Supposedly a medical term meaning "to sedate" Quone
26%
Z Chinese doctor who supposedly invents the cure for baldness Zheng Zhao
15%
No matching quizzes found
Score Distribution
Percent of People with Each Score
Percentile by Number Answered
Your Score History
You have not taken this quiz